000 00325nam a2200133 i 4500
001 bg
100 1 _aNOLKENSTEJN, N. S.
245 0 _aSbornik zadać po obscemu kursu fiziki /
_cN. S. Nolkenstejn.
260 _amoskva,
_c1973.
040 _cBPK
041 _apol
942 _cKS
008 s pl f |000 0 pol
999 _c15642
_d15642
856 _uhttp://koha.tu.koszalin.pl/cgi-bin/koha/opac-detail.pl?biblionumber=15642
_yKatalog online BPK